[Event "South Wales International"]
[Site "Penarth Conservative Club, WLS"]
[Date "2013.07.15"]
[Round "4.2"]
[White "Wells, Peter K"]
[Black "Strugnell, Carl"]
[Result "1/2-1/2"]
[WhiteElo "2479"]
[BlackElo "2302"]
[PlyCount "35"]
[EventDate "2013.??.??"]

1. Nf3 Nf6 2. c4 Nc6 3. d4 e6 4. a3 d6 5. Nc3 g6 6. e4 Bg7 7. d5 Ne7 8. Be2 O-O
9. O-O exd5 10. cxd5 c6 11. dxc6 bxc6 12. Qc2 d5 13. Rd1 Nxe4 14. Nxe4 Bf5 15.
Nfg5 Qc7 16. Bd3 dxe4 17. Nxe4 Qe5 18. Nc3 1/2-1/2

[Event "South Wales International"]
[Site "Penarth Conservative Club, WLS"]
[Date "2013.07.15"]
[Round "4.3"]
[White "Adebajo, Olufemi"]
[Black "Hawkins, Jonathan"]
[Result "0-1"]
[WhiteElo "1934"]
[BlackElo "2517"]
[PlyCount "52"]
[EventDate "2013.??.??"]

1. e4 c6 2. d4 d5 3. e5 c5 4. dxc5 Nc6 5. Nf3 Bg4 6. h3 Bxf3 7. Qxf3 e6 8. Bb5
Bxc5 9. O-O Nge7 10. Nc3 O-O 11. Bxc6 bxc6 12. Bg5 Qc7 13. Rfe1 Ng6 14. Qg3 f6
15. Na4 Bd4 16. Bd2 fxe5 17. Be3 Qa5 18. Bxd4 exd4 19. b3 e5 20. c3 dxc3 21.
Qxc3 Qxc3 22. Nxc3 e4 23. Na4 Rf5 24. Rac1 Raf8 25. Re2 Nf4 26. Rd2 Rg5 0-1

[Event "South Wales International"]
[Site "Penarth Conservative Club, WLS"]
[Date "2013.07.15"]
[Round "4.4"]
[White "Cooksey, Paul"]
[Black "Bryant, Richard BE"]
[Result "1-0"]
[WhiteElo "2293"]
[BlackElo "1934"]
[PlyCount "51"]
[EventDate "2013.??.??"]

1. c4 e5 2. Nc3 Nc6 3. Nf3 g6 4. d4 exd4 5. Nxd4 Bg7 6. Nxc6 bxc6 7. g3 Ne7 8.
Bg2 O-O 9. O-O a5 10. Qc2 d6 11. Bg5 f6 12. Bd2 Be6 13. Na4 Qd7 14. Rfd1 Qc8
15. Rac1 Re8 16. b3 Bh3 17. Bh1 Ra6 18. Bc3 c5 19. Qd2 Bd7 20. Nxc5 Ra7 21. Ne4
f5 22. Nf6+ Bxf6 23. Bxf6 Kf7 24. Ba1 Rg8 25. c5 d5 26. Qh6 1-0

[Event "South Wales International"]
[Site "Penarth Conservative Club, WLS"]
[Date "2013.07.15"]
[Round "4.6"]
[White "Davis, Lee"]
[Black "Hanley, Craig A"]
[Result "0-1"]
[WhiteElo "1956"]
[BlackElo "2433"]
[PlyCount "56"]
[EventDate "2013.??.??"]

1. d4 Nf6 2. Nf3 e6 3. g3 d5 4. Bg2 Be7 5. O-O O-O 6. c4 Nbd7 7. Qc2 c6 8. Nbd2
b6 9. b3 Ba6 10. Bb2 Rc8 11. e4 c5 12. exd5 exd5 13. Rfe1 Re8 14. Rac1 Bf8 15.
Rxe8 Qxe8 16. Qb1 dxc4 17. Nxc4 cxd4 18. Bxd4 Qe4 19. Qb2 Qd3 20. Ne3 Rxc1+ 21.
Qxc1 Qe4 22. Qb2 h6 23. Ne5 Qh7 24. Nxd7 Nxd7 25. b4 Bd3 26. Qc3 Bb5 27. Bc6
Qb1+ 28. Kg2 Bxb4 0-1

[Event "South Wales International"]
[Site "Penarth Conservative Club, WLS"]
[Date "2013.07.15"]
[Round "4.7"]
[White "Hickman, John E"]
[Black "Greet, Andrew N"]
[Result "0-1"]
[WhiteElo "1965"]
[BlackElo "2427"]
[PlyCount "78"]
[EventDate "2013.??.??"]

1. e4 e5 2. Nf3 Nc6 3. Bb5 a6 4. Ba4 Nf6 5. d3 d6 6. c3 g6 7. O-O Bg7 8. Re1
O-O 9. Nbd2 b5 10. Bc2 Re8 11. d4 Bb7 12. d5 Nb8 13. b3 c6 14. c4 Nbd7 15. Bb2
Qb6 16. Ba3 cxd5 17. cxd5 Rec8 18. Rc1 Bh6 19. Qe2 Rc7 20. Bb1 Rac8 21. Rxc7
Rxc7 22. Rc1 Nc5 23. h3 Bc8 24. g4 Bf4 25. Kg2 h5 26. g5 Nh7 27. h4 Bg4 28. Rd1
f6 29. gxf6 Rf7 30. Nf1 Rxf6 31. b4 Na4 32. Rd3 Rf8 33. N1h2 Bd7 34. Qe1 Rc8
35. Ng5 Nxg5 36. hxg5 Qd8 37. Nf3 Bg4 38. Nh2 Qxg5 39. Nxg4 Qxg4+ 0-1

[Event "South Wales International"]
[Site "Penarth Conservative Club, WLS"]
[Date "2013.07.15"]
[Round "4.8"]
[White "Bullen, Alex"]
[Black "Rudd, Jack"]
[Result "0-1"]
[WhiteElo "1954"]
[BlackElo "2280"]
[PlyCount "48"]
[EventDate "2013.??.??"]

1. e4 c5 2. Nf3 d6 3. d4 cxd4 4. Nxd4 Nf6 5. Nc3 a6 6. Bc4 e6 7. Bb3 b5 8. Bg5
Be7 9. Qf3 Qb6 10. O-O-O O-O 11. Rhe1 Nbd7 12. Qg3 Nc5 13. Kb1 Bd7 14. e5 dxe5
15. Qxe5 a5 16. Bf4 a4 17. Bd5 b4 18. Bxa8 bxc3 19. b3 axb3 20. Nxb3 Rxa8 21.
Qxc3 Nfe4 22. Qb2 Na4 23. Qd4 Nac3+ 24. Kc1 Ba3# 0-1

[Event "South Wales International"]
[Site "Penarth Conservative Club, WLS"]
[Date "2013.07.15"]
[Round "4.10"]
[White "Brown, Martin"]
[Black "Ralphs, Nigel"]
[Result "1/2-1/2"]
[WhiteElo "2203"]
[BlackElo "1913"]
[PlyCount "41"]
[EventDate "2013.??.??"]

1. e4 e6 2. d4 d5 3. Nd2 c5 4. exd5 Qxd5 5. Ngf3 cxd4 6. Bc4 Qd6 7. O-O Nf6 8.
Nb3 Nc6 9. Nbxd4 Nxd4 10. Nxd4 a6 11. Bb3 Bd7 12. Re1 Qc7 13. Qf3 O-O-O 14. Bf4
Bd6 15. Re3 Bxf4 16. Rc3 Bxh2+ 17. Kh1 Kb8 18. Rxc7 Bxc7 19. Qe2 h5 20. Nf3 Ng4
21. Ng5 1/2-1/2

[Event "South Wales International"]
[Site "Penarth Conservative Club, WLS"]
[Date "2013.07.15"]
[Round "4.11"]
[White "Menadue, Jeremy"]
[Black "Thomas, Ben"]
[Result "0-1"]
[WhiteElo "2145"]
[BlackElo "1716"]
[PlyCount "74"]
[EventDate "2013.??.??"]

1. d4 Nf6 2. c4 g6 3. Nc3 Bg7 4. e4 d6 5. Nge2 O-O 6. Ng3 Nbd7 7. Be2 c6 8. O-O
e5 9. d5 Ne8 10. Kh1 h5 11. Kg1 h4 12. Nh1 Nc5 13. Be3 f5 14. dxc6 Ne6 15. exf5
gxf5 16. cxb7 Bxb7 17. f3 h3 18. g3 f4 19. Bf2 Ng5 20. Nd5 Nc7 21. Rc1 Nxd5 22.
cxd5 Qf6 23. Rc7 Rf7 24. Rc3 Qg6 25. Rc4 Raf8 26. g4 e4 27. Rxe4 Nxe4 28. fxe4
Bxb2 29. Bf3 Ba6 30. Re1 Bc3 31. Qa4 Bc8 32. Qd1 Bxe1 33. Bxe1 Qf6 34. Nf2 Rh7
35. Qd3 Qa1 36. Kf1 Qxa2 37. Bc3 Ba6 0-1

[Event "South Wales International"]
[Site "Penarth Conservative Club, WLS"]
[Date "2013.07.15"]
[Round "4.13"]
[White "Rodriguez, Juan"]
[Black "Hughes, John"]
[Result "0-1"]
[WhiteElo "1967"]
[BlackElo "2046"]
[PlyCount "94"]
[EventDate "2013.??.??"]

1. e4 c5 2. Nf3 e6 3. d3 Nc6 4. Nbd2 Nf6 5. c3 d5 6. g3 Be7 7. Qc2 O-O 8. Bg2
b5 9. O-O a5 10. Re1 b4 11. e5 Ne8 12. d4 Qb6 13. Nb3 cxd4 14. Nbxd4 bxc3 15.
Nxc6 Qxc6 16. Bd2 Nc7 17. Nd4 Qb6 18. Bxc3 a4 19. Qd2 Bd7 20. Bf1 Rfb8 21. Rec1
Na6 22. Bxa6 Rxa6 23. Rc2 Rc8 24. Kg2 Raa8 25. Rac1 Rc4 26. b3 Rc7 27. Bb2 Rxc2
28. Qxc2 a3 29. Bc3 Rc8 30. Qd2 f6 31. Ne2 Qb7 32. Kg1 fxe5 33. Bxe5 Rxc1+ 34.
Qxc1 Be8 35. Qc3 Bb4 36. Qd4 Bf8 37. Nf4 Qc8 38. Kg2 Bf7 39. Qd2 Qc6 40. h4 Be7
41. Qd4 Qc2 42. Bxg7 Bc5 43. Qf6 Qxf2+ 44. Kh3 h5 45. Nd3 Qg1 46. Qa1 Bg6 47.
Qxg1 Bxg1 0-1

[Event "South Wales International"]
[Site "Penarth Conservative Club, WLS"]
[Date "2013.07.15"]
[Round "4.14"]
[White "Bridges, Paul"]
[Black "Pleasants, Allan J"]
[Result "1/2-1/2"]
[WhiteElo "1851"]
[BlackElo "2038"]
[PlyCount "63"]
[EventDate "2013.??.??"]

1. e4 d6 2. d4 g6 3. f4 Bg7 4. Nf3 a6 5. Bd3 e6 6. O-O Ne7 7. c3 O-O 8. Qe1
Nbc6 9. Be3 Bd7 10. Nbd2 b5 11. Qh4 f5 12. e5 Nd5 13. Qf2 Nce7 14. c4 Nb4 15.
Be2 Bc6 16. b3 Nc2 17. Rac1 Nxe3 18. Qxe3 Qd7 19. Rc2 bxc4 20. Bxc4 Nd5 21.
Bxd5 Bxd5 22. Rfc1 Ra7 23. Nc4 Rb8 24. Qd2 Be4 25. Rc3 a5 26. Nxa5 Bxf3 27.
gxf3 Rxa5 28. Rxc7 Qb5 29. exd6 Qd5 30. Rc8+ Rxc8 31. Rxc8+ Kf7 32. Rc7+
1/2-1/2

[Event "South Wales International"]
[Site "Penarth Conservative Club, WLS"]
[Date "2013.07.15"]
[Round "4.15"]
[White "Rees, Ioan"]
[Black "Ehsander, Peter"]
[Result "1-0"]
[WhiteElo "2258"]
[BlackElo "1959"]
[PlyCount "91"]
[EventDate "2013.??.??"]

1. d4 Nf6 2. c4 g6 3. Nf3 Bg7 4. Nc3 d6 5. g3 O-O 6. Bg2 a6 7. O-O Nc6 8. Qd3
Bd7 9. Rd1 Qc8 10. d5 Nb4 11. Qb1 a5 12. e4 Bg4 13. Bg5 Re8 14. a3 Na6 15. Qc2
Nd7 16. Re1 Bxf3 17. Bxf3 Ne5 18. Be2 Qh3 19. f4 Ng4 20. Bxg4 Qxg4 21. Kg2 h6
22. h3 Qd7 23. Bh4 Rac8 24. g4 Kf8 25. e5 dxe5 26. fxe5 e6 27. Bg3 Kg8 28. Rad1
Rcd8 29. Qf2 b6 30. Qf3 Qe7 31. d6 Qf8 32. Nb5 cxd6 33. exd6 e5 34. Qb7 Nc5 35.
Qxb6 Na4 36. Qf2 e4 37. Rd2 Re6 38. Rde2 f5 39. gxf5 gxf5 40. Kh1 Qf6 41. Bh4
e3 42. Rxe3 Rxe3 43. Rxe3 Qf8 44. Bxd8 Qxd8 45. Qxf5 Nxb2 46. d7 1-0

[Event "South Wales International"]
[Site "Penarth Conservative Club, WLS"]
[Date "2013.07.15"]
[Round "4.16"]
[White "Wills, Alex"]
[Black "Braun, Walter"]
[Result "0-1"]
[WhiteElo "1717"]
[BlackElo "2236"]
[PlyCount "128"]
[EventDate "2013.??.??"]

1. d4 d5 2. Nf3 c5 3. e3 Nf6 4. b3 g6 5. Bb2 Bg7 6. Bd3 cxd4 7. exd4 Nc6 8. a3
O-O 9. O-O Ne4 10. Nbd2 Bf5 11. Re1 Nd6 12. Qe2 Qb6 13. Qe3 Rac8 14. Rac1 a5
15. Ba1 e6 16. c4 Bxd3 17. Qxd3 Qa6 18. Ne5 dxc4 19. Ndxc4 Nxe5 20. dxe5 Nxc4
21. Rxc4 Rxc4 22. bxc4 Rc8 23. Rc1 Bh6 24. Rc2 Qb6 25. Bb2 Rd8 26. Qe2 Qb3 27.
g3 Bf8 28. Rc3 Qd1+ 29. Qxd1 Rxd1+ 30. Kg2 Bc5 31. Rc2 Kf8 32. a4 Ke8 33. Bc3
b6 34. Kf3 Kd7 35. Ke2 Rb1 36. Rd2+ Kc7 37. Rd3 Rb3 38. Bd4 Rb4 39. Bxc5 bxc5
40. Rf3 Rxc4 41. Rxf7+ Kc6 42. f4 Rc2+ 43. Kd3 Rxh2 44. Re7 Rh3 45. Rxe6+ Kd7
46. Rd6+ Ke7 47. Kc4 Rxg3 48. Kxc5 h5 49. Ra6 Rg4 50. Ra7+ Ke6 51. Ra6+ Kf7 52.
Kd6 Rxf4 53. e6+ Kf6 54. Kd7 Re4 55. e7+ Kf7 56. e8=Q+ Rxe8 57. Rxa5 h4 58. Rg5
Rh8 59. Rg1 h3 60. Rf1+ Kg7 61. a5 h2 62. Rh1 g5 63. a6 g4 64. a7 g3 0-1

[Event "South Wales International"]
[Site "Penarth Conservative Club, WLS"]
[Date "2013.07.15"]
[Round "4.17"]
[White "Marusenko, Petr"]
[Black "Freeland, Alex"]
[Result "1-0"]
[WhiteElo "2213"]
[BlackElo "1844"]
[PlyCount "109"]
[EventDate "2013.??.??"]

1. d4 Nf6 2. Nf3 g6 3. c3 Bg7 4. Bf4 O-O 5. h3 d6 6. e3 Nbd7 7. Bc4 Qe8 8. O-O
e5 9. Bh2 Kh8 10. a4 Nh5 11. Na3 c6 12. Ba2 f5 13. Nc4 Qe7 14. dxe5 Nxe5 15.
Nxd6 f4 16. Nxc8 Raxc8 17. Nd4 Rcd8 18. Qb3 f3 19. Bxe5 Bxe5 20. Qe6 Qg5 21.
Qg4 Qxg4 22. hxg4 Bxd4 23. cxd4 fxg2 24. Kxg2 Nf6 25. f3 Nd5 26. Bxd5 Rxd5 27.
b4 h5 28. gxh5 gxh5 29. Kf2 h4 30. Rg1 Rh5 31. Rg4 Rf7 32. Rag1 h3 33. Rg5 Rh6
34. f4 h2 35. Rh1 Re7 36. Rg2 Reh7 37. e4 Rh4 38. Kf3 Rh3+ 39. Rg3 R3h5 40. e5
R7h6 41. Rg4 Rh3+ 42. Ke4 Rb3 43. Rg2 Rbh3 44. d5 cxd5+ 45. Kxd5 Rd3+ 46. Ke4
Rb3 47. Rhxh2 Rxb4+ 48. Kf5 Rxh2 49. Rxh2+ Kg7 50. Rc2 a5 51. Rc7+ Kf8 52. e6
Rxa4 53. Rxb7 Rc4 54. Ke5 a4 55. Ra7 1-0

[Event "South Wales International"]
[Site "Penarth Conservative Club, WLS"]
[Date "2013.07.15"]
[Round "4.18"]
[White "Horton, Justin"]
[Black "Bennett, Rhys"]
[Result "1-0"]
[WhiteElo "2090"]
[BlackElo "1729"]
[PlyCount "71"]
[EventDate "2013.??.??"]

1. Nf3 d5 2. d4 Nf6 3. c4 e6 4. Bg5 Be7 5. Nc3 Nbd7 6. e3 O-O 7. Rc1 a6 8. c5
c6 9. Bd3 e5 10. dxe5 Ne8 11. Bf4 Nxc5 12. Bb1 Ne6 13. Bg3 f6 14. h4 fxe5 15.
Bxe5 Nc5 16. b4 Nd7 17. Bd4 Bxb4 18. Ng5 Ndf6 19. Qd3 h6 20. Nh7 Rf7 21. Nxf6+
Nxf6 22. O-O Bxc3 23. Bxc3 Ne4 24. f3 Nf6 25. g4 Qd6 26. Kg2 Kf8 27. Bd4 Ke8
28. Qg6 Bd7 29. g5 hxg5 30. hxg5 Qe6 31. gxf6 Qh3+ 32. Kf2 Qh2+ 33. Qg2 Qh4+
34. Qg3 Qxg3+ 35. Kxg3 gxf6 36. Bg6 1-0

[Event "South Wales International"]
[Site "Penarth Conservative Club, WLS"]
[Date "2013.07.15"]
[Round "4.19"]
[White "Jones, Steven"]
[Black "Sivarajasingam, Shayanna"]
[Result "1-0"]
[WhiteElo "2033"]
[BlackElo "1441"]
[PlyCount "53"]
[EventDate "2013.??.??"]

1. e4 e6 2. d4 d5 3. Nc3 dxe4 4. Nxe4 Nd7 5. Nf3 Ngf6 6. Bg5 h6 7. Bh4 c5 8.
Bxf6 Nxf6 9. Bb5+ Nd7 10. O-O Qb6 11. c4 a6 12. Ba4 Qxb2 13. dxc5 Qb4 14. Ne5
Be7 15. Bxd7+ Kf8 16. Qf3 Bf6 17. Nxf6 gxf6 18. Qxf6 Rh7 19. Ng6+ Kg8 20. Ne7+
Kf8 21. Nxc8 Qxc5 22. Rad1 Rb8 23. Bxe6 Rxc8 24. Rd7 Kg8 25. Bxf7+ Rxf7 26.
Qxf7+ Kh8 27. Qg7# 1-0

[Event "South Wales International"]
[Site "Penarth Conservative Club, WLS"]
[Date "2013.07.15"]
[Round "4.20"]
[White "Thorpe, Thomas"]
[Black "Waterfield, John W"]
[Result "0-1"]
[WhiteElo "1885"]
[BlackElo "1980"]
[PlyCount "88"]
[EventDate "2013.??.??"]

1. Nc3 Nf6 2. e4 d5 3. exd5 Nxd5 4. Nf3 Nc6 5. d4 e6 6. a3 Be7 7. Bd3 O-O 8.
O-O Bf6 9. Ne2 Nde7 10. c3 e5 11. dxe5 Nxe5 12. Nxe5 Bxe5 13. Bf4 Bxf4 14. Nxf4
Qd6 15. Qf3 Qf6 16. Qe4 Ng6 17. Nd5 Qd6 18. Rfe1 Be6 19. Nb4 a5 20. Nc2 Bd5 21.
Qf5 Rad8 22. Rad1 Qf4 23. Ne3 Bb3 24. Qxf4 Nxf4 25. Bc2 Bxc2 26. Nxc2 Nd3 27.
Re7 Nxb2 28. Rdd7 Rxd7 29. Rxd7 Rc8 30. Ne3 Kf8 31. Nd5 Nc4 32. a4 Nb2 33. Nxc7
Nxa4 34. Nb5 Nc5 35. Rd5 Ke7 36. g3 Na4 37. Rd4 Nxc3 38. Nxc3 Rxc3 39. Re4+ Kd6
40. Re8 a4 41. Ra8 a3 42. Kf1 b5 43. Ke2 Kc5 44. Kd2 Kb4 0-1

[Event "South Wales International"]
[Site "Penarth Conservative Club, WLS"]
[Date "2013.07.15"]
[Round "4.21"]
[White "Guy, David"]
[Black "Evans, Nicholas"]
[Result "1-0"]
[WhiteElo "1965"]
[BlackElo "1755"]
[PlyCount "69"]
[EventDate "2013.??.??"]

1. d4 d5 2. c4 e6 3. Nc3 c5 4. cxd5 exd5 5. Nf3 Nc6 6. e3 Nf6 7. dxc5 Bxc5 8.
Bb5 O-O 9. O-O Bg4 10. Bxc6 bxc6 11. Qa4 Bxf3 12. gxf3 Rc8 13. Ne2 Nd7 14. Qf4
Qe7 15. Bd2 Bd6 16. Qf5 Qh4 17. Ng3 Ne5 18. Kg2 g6 19. Qc2 f5 20. f4 Ng4 21. h3
Nf6 22. Rac1 Ne4 23. Nxe4 fxe4 24. Qa4 c5 25. f3 Rf5 26. Be1 Rg5+ 27. Kh2 Bxf4+
28. exf4 Qxf4+ 29. Kh1 Qxc1 30. Qd7 Rf8 31. Qe6+ Rf7 32. fxe4 Rg1+ 33. Kxg1
Qe3+ 34. Kh2 Qe2+ 35. Rf2 1-0

[Event "South Wales International"]
[Site "Penarth Conservative Club, WLS"]
[Date "2013.07.15"]
[Round "4.22"]
[White "Thomas, James"]
[Black "Jones, Jeremy"]
[Result "1-0"]
[WhiteElo "1887"]
[BlackElo "1621"]
[PlyCount "83"]
[EventDate "2013.??.??"]

1. g3 d5 2. f4 Nf6 3. Nf3 Nc6 4. Bg2 e6 5. O-O Bc5+ 6. d4 Bd6 7. c3 O-O 8. Qe1
Ne4 9. Nbd2 f5 10. Ne5 Bd7 11. Nxe4 dxe4 12. Be3 Nxe5 13. fxe5 Be7 14. Qd2 Be8
15. Rad1 c6 16. c4 Qc7 17. g4 Rd8 18. Bf4 b6 19. Kh1 Bg6 20. gxf5 exf5 21. d5
cxd5 22. cxd5 Bc5 23. b4 Be7 24. d6 Qd7 25. dxe7 Qxe7 26. Bg5 Rxd2 27. Bxe7
Rxd1 28. Rxd1 Rc8 29. Rd8+ Rxd8 30. Bxd8 Kf7 31. e3 Ke6 32. Bc7 Bh5 33. Bf1 Kd5
34. Kg2 a5 35. bxa5 bxa5 36. Bxa5 Kxe5 37. Bc3+ Kd5 38. Bxg7 Bd1 39. Kg3 Ke6
40. Kf4 Kf7 41. Bd4 Kg6 42. Bh3 1-0

[Event "South Wales International"]
[Site "Penarth Conservative Club, WLS"]
[Date "2013.07.15"]
[Round "4.23"]
[White "Du Toit, Stephanie"]
[Black "Kett, Tim"]
[Result "0-1"]
[WhiteElo "1603"]
[BlackElo "2230"]
[PlyCount "78"]
[EventDate "2013.??.??"]

1. e4 c5 2. Nf3 d6 3. d4 cxd4 4. Nxd4 Nf6 5. Nc3 Nc6 6. Be3 e6 7. Bc4 Be7 8.
O-O O-O 9. Re1 a6 10. Qe2 Qc7 11. Rad1 Bd7 12. f4 b5 13. Bb3 b4 14. Nb1 Nxe4
15. Qf3 d5 16. Nd2 Nxd2 17. Rxd2 Nxd4 18. Bxd4 Bc5 19. Bxc5 Qxc5+ 20. Kh1 a5
21. c3 bxc3 22. bxc3 Rfc8 23. Rd3 a4 24. Bd1 Rab8 25. Be2 Rb2 26. Ra1 Bb5 27.
Re3 Bxe2 28. Rxe2 Rxe2 29. Qxe2 Qxc3 30. Rf1 Qc4 31. Qf2 g6 32. h3 a3 33. Re1
d4 34. Re4 Rd8 35. Kh2 Qd5 36. Re2 d3 37. Rd2 Qe4 38. g3 Rc8 39. Kg1 Rc1+ 0-1

[Event "South Wales International"]
[Site "Penarth Conservative Club, WLS"]
[Date "2013.07.15"]
[Round "4.25"]
[White "Harley-Yeo, Gareth"]
[Black "Lutchman Singh, Karanvir"]
[Result "1-0"]
[WhiteElo "1979"]
[BlackElo "1367"]
[PlyCount "49"]
[EventDate "2013.??.??"]

1. d4 Nf6 2. c4 g6 3. Nc3 Bg7 4. e4 d6 5. Nge2 O-O 6. Ng3 e5 7. d5 Nbd7 8. Be2
a5 9. h4 h5 10. Bg5 Nc5 11. Bxh5 gxh5 12. Nxh5 Bg4 13. Nxf6+ Bxf6 14. Qxg4 Bxg5
15. hxg5 Nd3+ 16. Ke2 Nf4+ 17. Kd2 Re8 18. g3 Ng6 19. f4 Qc8 20. f5 Kf8 21. Qh5
Ke7 22. fxg6 Rh8 23. Qf3 fxg6 24. Qf6+ Kd7 25. Qg7+ 1-0

[Event "South Wales International"]
[Site "Penarth Conservative Club, WLS"]
[Date "2013.07.15"]
[Round "4.27"]
[White "Tarr, Stephen"]
[Black "Williams, Ron"]
[Result "0-1"]
[WhiteElo "1826"]
[BlackElo "1807"]
[PlyCount "38"]
[EventDate "2013.??.??"]

1. d4 e6 2. Bf4 c5 3. e3 Qb6 4. Nc3 cxd4 5. exd4 Qxb2 6. Nb5 Bb4+ 7. Ke2 Nc6 8.
Nc7+ Ke7 9. Nf3 b6 10. a3 Ba5 11. Rb1 Qxa3 12. Rb3 Qa4 13. Nxa8 Nf6 14. Nc7 d6
15. Qd3 Bb7 16. Bd2 Bxd2 17. Kxd2 Nb4 18. Qe3 Ne4+ 19. Kc1 Qa1+ 0-1